000 00673cam a22002413a 4500
001 24012
003 PGUSA
005 20140828083519.0
008 071224s2007||||xxu|||||s|||||000 | eng d
040 _aPGUSA
_beng
042 _adc
050 4 _aPZ
100 1 _aHerford, Oliver,
_d1863-1935
245 1 4 _aThe Peter Pan Alphabet
_h[electronic resource] /
_cOliver Herford
260 _bProject Gutenberg,
_c2007
506 _aPublic domain in the USA.
516 _aElectronic text
653 _aPeter Pan (Fictitious character)
653 _aAlphabet books
830 0 _aProject Gutenberg
_v24012
856 4 0 _uhttp://www.gutenberg.org/ebooks/24012
942 _cEB
999 _c253267
_d253267